00366nam a2200157Ia 4500003000900000008004100009040001300050040001300063100001900076245005200095250001100147260001500158300000800173490000600181700002100187IT-RoPAU120407s9999 xx 000 0 und d aIT-RoPAU cIT-RoPAU aAlbino Luciani aAlbino Luciani - Giovanni Paolo I - Opera omnia aPadova aMessaggero c cm v9 aGiovanni Paolo I